00878cam a2200253 a 450000100060000000300080000600500170001400800390003103500190007004000350008904100080012408200260013224500630015826000330022130000240025465000670027865000420034570000290038770000220041670000320043894200120047099900170048295201250049921115BD-RjUL20211209000641.0140303t1987 bg ab b 000 0 eng a(BD-RjUL)21179 aBD-RjULcBD-RjULdBD-RjULbeng aeng04a428.007222bLEA 198700aLearning English /cedited by Sadruddin Ahmed ...[et.al.]. aDhaka :bPustak ghar,c1987. av, 145 p. ;c24 cm. 0aEnglish languagexStudy and teachingxForeign speakers.965257 0aEnglish languagexAcquisition.9652581 aAhmed, Sadruddin,9652591 aAnwar, Ali9652601 aMohiuddin, A.K.M.d-965261 2ddccBK c21115d21115 00102ddc4070aRUCLbRUCLcStackd1988-05-02eN/Ag0.00l0o428.007 LEA 1987r2014-03-03 00:00:00tC-2w2021-12-09yBK